| 000 | 01138nam a22003377a 4500 | ||
|---|---|---|---|
| 001 | 0052968 | ||
| 003 | KOHA_MİRAKIL | ||
| 005 | 20260207003902.0 | ||
| 007 | ta | ||
| 008 | 150629b2013 tu a|||gr||||#||||0|tur | | ||
| 020 |
_a9786053607557 _q |
||
| 040 |
_aTR-BiSEU _btur _cTR-BiSEU _erda |
||
| 041 | 0 | _atur | |
| 044 | _ctu | ||
| 050 |
_aML345.T8 _bK37 2013 |
||
| 100 | 1 | _aKaradeniz, M. Ekrem. | |
| 245 | 1 |
_aTürk musikîsinin nazariye ve esasları/ _cM. Ekrem Karadeniz ; M. Ekrem Karadeniz. |
|
| 264 | 1 |
_aİstanbul : _bTürkiye İş Bankası Kültür Yayınları _c2013 |
|
| 300 |
_a803 sayfa : _bresimli ; _c28 cm. |
||
| 336 |
_ametin _btxt _2rdacontent |
||
| 337 |
_aaracısız _bn _2rdamedia |
||
| 338 |
_acilt _bnc _2rdacarrier |
||
| 490 | 1 |
_aTürkiye İş Bankası Kültür yayınları genel yayın ; _v238 |
|
| 500 | _aDizin var. | ||
| 650 | 0 |
_aMusic--Turkey--Theory. _981624 |
|
| 650 | 0 |
_aMusic--Turkey. _963331 |
|
| 650 | 0 |
_aSongs, Turkish--Turkey. _966909 |
|
| 650 | 0 |
_aFolk songs, Turkish--Turkey. _940114 |
|
| 830 | 1 |
_aTürkiye İş Bankası Kültür yayınları genel yayın ; _v238 _96398 |
|
| 942 |
_2lcc _cBK |
||
| 999 |
_c52782 _d52782 |
||